[Event "37. Ciudad de Sevilla 2012"]
[Site "Sevilla ESP"]
[Date "2012.01.11"]
[Round "5.17"]
[White "Fernandez-Martos Machado, Eduardo"]
[Black "Roy Chowdhury, Saptarshi"]
[Result "0-1"]
[WhiteElo "2133"]
[BlackElo "2414"]
[PlyCount "154"]
[EventDate "2012.01.07"]
[EventType "swiss"]
[EventRounds "9"]
[EventCountry "ESP"]
[Source "lmi"]
[SourceDate "2012.01.07"]

1. d4 Nf6 2. c4 d6 3. Nc3 Nbd7 4. e4 e5 5. Nf3 Be7 6. Be2 O-O 7. O-O a6 8. Qc2
c6 9. Rd1 Qc7 10. h3 Re8 11. dxe5 dxe5 12. Be3 Bc5 13. Qd2 Bb4 14. Qc2 Bc5 15.
Qd2 Bf8 16. Rac1 a5 17. Bd3 Nc5 18. Bb1 a4 19. Nh2 b6 20. Bc2 Be6 21. b4 axb3
22. axb3 Ra3 23. Rb1 Nb7 24. Qe2 Bb4 25. Bc1 Raa8 26. Bb2 Rec8 27. Nf3 Bxc3 28.
Bxc3 Nd7 29. Ng5 Nf8 30. Nxe6 Nxe6 31. Qh5 f6 32. g3 Nd6 33. Qg4 Re8 34. Ra1
Rxa1 35. Bxa1 Nf7 36. Bc3 Qe7 37. b4 Rd8 38. Rxd8+ Nfxd8 39. Qd1 Nf7 40. Ba4
Qd8 41. Qxd8+ Nfxd8 42. Kf1 Ng5 43. Bc2 Nxh3 44. Kg2 Ng5 45. f4 Ngf7 46. Bb3 c5
47. bxc5 bxc5 48. Kf3 Kf8 49. Ba5 Nb7 50. Bc7 Ke7 51. Ba4 exf4 52. gxf4 Nfd8
53. e5 f5 54. Bb6 Ne6 55. Ke3 Nbd8 56. Bb5 g6 57. Ba4 h6 58. Bd1 Nc6 59. Bf3
Ncd8 60. Bd5 g5 61. fxg5 hxg5 62. Ba7 Kd7 63. Bb6 Nc6 64. Bxe6+ Kxe6 65. Bxc5
Kxe5 66. Bb6 f4+ 67. Kf2 g4 68. Bc7+ Ke4 69. Kg2 Kf5 70. Bb6 Ke4 71. Bc7 Ke3
72. Bb6+ Ke2 73. Bg1 Ne7 74. c5 Nf5 75. c6 f3+ 76. Kh1 f2 77. c7 f1=Q 0-1

[Event "37. Ciudad de Sevilla 2012"]
[Site "Sevilla ESP"]
[Date "2012.01.11"]
[Round "5.18"]
[White "Castilla Leon Salas, Carlos"]
[Black "Zozulia, Anna"]
[Result "0-1"]
[WhiteElo "2126"]
[BlackElo "2357"]
[PlyCount "90"]
[EventDate "2012.01.07"]
[EventType "swiss"]
[EventRounds "9"]
[EventCountry "ESP"]
[Source "lmi"]
[SourceDate "2012.01.07"]

1. d4 g6 2. c4 Bg7 3. Nc3 d6 4. e4 Nc6 5. Be3 e5 6. d5 Nce7 7. g4 h5 8. g5 h4
9. c5 dxc5 10. Bxc5 f6 11. Qb3 b6 12. Ba3 Bd7 13. O-O-O Nc8 14. d6 Nxd6 15. f4
fxg5 16. fxe5 Bxe5 17. Nf3 g4 18. Nxe5 Qg5+ 19. Kb1 Qxe5 20. Nd5 Nxe4 21. Nxc7+
Qxc7 22. Qd5 Rc8 23. Qxe4+ Kf7 24. Bd3 Bf5 25. Qd5+ Kg7 26. Bxf5 Nf6 27. Qd2
gxf5 28. Qg5+ Kf7 29. Qxf5 Rh5 30. Qf2 g3 31. hxg3 hxg3 32. Qe2 Qe5 33. Qf3
Rxh1 34. Rxh1 Qe4+ 35. Qxe4 Nxe4 36. Bb4 Kg6 37. Be1 Kf5 38. Bxg3 Nxg3 39. Rh7
a5 40. Rh6 Ne4 41. a3 Nf6 42. Rh4 Ke5 43. Ra4 Ne4 44. Ka1 Rc1+ 45. Ka2 Kd5 0-1

[Event "37. Ciudad de Sevilla 2012"]
[Site "Sevilla ESP"]
[Date "2012.01.11"]
[Round "5.19"]
[White "Carrabeo Garcia, Manuel"]
[Black "Torres Ventosa, Pedro Eugenio"]
[Result "1/2-1/2"]
[WhiteElo "2123"]
[BlackElo "2324"]
[PlyCount "123"]
[EventDate "2012.01.07"]
[EventType "swiss"]
[EventRounds "9"]
[EventCountry "ESP"]
[Source "lmi"]
[SourceDate "2012.01.07"]

1. d4 Nf6 2. Nf3 g6 3. Nc3 d5 4. Bf4 Bg7 5. e3 O-O 6. Be2 a6 7. Ne5 Nbd7 8. O-O
c5 9. Bf3 cxd4 10. exd4 e6 11. Re1 Nxe5 12. dxe5 Nd7 13. h3 Qb6 14. Rb1 Qc5 15.
Qd2 Nb6 16. b3 Bd7 17. Ne2 Rac8 18. Nd4 Qa3 19. Bh6 Be8 20. Bxg7 Kxg7 21. Qf4
Nd7 22. c4 dxc4 23. bxc4 Qc3 24. Rec1 Qa5 25. Rxb7 Kg8 26. Nc6 Qc5 27. Nd4 Nxe5
28. Nb3 Nxf3+ 29. Qxf3 Qg5 30. Rb6 a5 31. Qe3 Qxe3 32. fxe3 a4 33. Nd4 Rc5 34.
Rb7 e5 35. Nb5 Bxb5 36. Rxb5 Rxb5 37. cxb5 Rb8 38. Rc4 Rxb5 39. Rxa4 Rb2 40.
Kf1 Kg7 41. Ra6 f5 42. a4 Ra2 43. Ra7+ Kf6 44. h4 Ke6 45. Rxh7 Rxa4 46. Rh6 Kd5
47. Rxg6 Rxh4 48. Kf2 Ra4 49. Kf3 Ra2 50. Rg8 e4+ 51. Kf4 Rf2+ 52. Kg3 Rf1 53.
Rd8+ Kc4 54. Rd4+ Kc3 55. Rd8 Kc2 56. Rd5 Kb3 57. Rc5 Kb2 58. Rc8 Kb3 59. Rc7
Kb4 60. Rc8 Kb3 61. Rc7 Kb2 62. Rc5 1/2-1/2

[Event "37. Ciudad de Sevilla 2012"]
[Site "Sevilla ESP"]
[Date "2012.01.11"]
[Round "5.20"]
[White "Rzayev, Bahruz"]
[Black "Morales Araujo, Francisco Javier"]
[Result "0-1"]
[WhiteElo "2308"]
[BlackElo "2112"]
[PlyCount "112"]
[EventDate "2012.01.07"]
[EventType "swiss"]
[EventRounds "9"]
[EventCountry "ESP"]
[Source "lmi"]
[SourceDate "2012.01.07"]

1. e4 e6 2. b3 d5 3. Bb2 dxe4 4. Nc3 f5 5. f3 Bd6 6. g3 exf3 7. Nxf3 Nf6 8. Bc4
O-O 9. Qe2 Re8 10. O-O-O c6 11. Rhg1 b5 12. Bd3 e5 13. Ng5 h6 14. h4 hxg5 15.
hxg5 Ng4 16. Ne4 fxe4 17. Qxe4 Qxg5 18. Rdf1 Nf6 19. Rxf6 gxf6 20. Qh7+ Kf8 21.
Bg6 Be6 22. Bxe8 Qg7 23. Qd3 Bc5 24. Bh5 Na6 25. Rf1 Nb4 26. Qe2 Kg8 27. a3 Nd5
28. Bf3 Rd8 29. Kb1 Ne7 30. d3 Bd4 31. Bc1 Nd5 32. Bxd5 Bxd5 33. Qh5 Bf7 34.
Qh4 Rd6 35. Bh6 Qg6 36. Rh1 Bd5 37. Rh3 Rd7 38. Bg5 Rh7 39. Qxh7+ Qxh7 40. Rxh7
Kxh7 41. Bxf6 Kg6 42. Bd8 Bc3 43. g4 Bf3 44. g5 Bd2 45. Bc7 Bf4 46. d4 Kxg5 47.
dxe5 Kf5 48. Bb8 a6 49. Ka2 Bxe5 50. Ba7 Bc3 51. a4 b4 52. Be3 Ke4 53. Bh6 Bg4
54. Bf8 Bf3 55. Bc5 Be2 56. Kb1 Bd1 0-1

[Event "37. Ciudad de Sevilla 2012"]
[Site "Sevilla ESP"]
[Date "2012.01.12"]
[Round "6.3"]
[White "Teske, Henrik"]
[Black "Paunovic, Dragan"]
[Result "1-0"]
[WhiteElo "2550"]
[BlackElo "2520"]
[PlyCount "81"]
[EventDate "2012.01.07"]
[EventType "swiss"]
[EventRounds "9"]
[EventCountry "ESP"]
[Source "lmi"]
[SourceDate "2012.01.07"]

1. Nf3 Nf6 2. c4 g6 3. Nc3 Bg7 4. g3 O-O 5. Bg2 c6 6. O-O d5 7. cxd5 cxd5 8. d4
e6 9. Ne5 Nfd7 10. f4 Nc6 11. Be3 f6 12. Nd3 Nb6 13. Bf2 f5 14. e3 Nc4 15. Rc1
Nd6 16. Qe2 Ne4 17. Rc2 Bd7 18. Rfc1 b6 19. Be1 Rc8 20. Nxe4 dxe4 21. Nb4 Ne7
22. Qa6 Rxc2 23. Rxc2 Qb8 24. Bf1 Nd5 25. Nxd5 exd5 26. Bb4 Rc8 27. Bd6 Qxd6
28. Rxc8+ Bxc8 29. Qxc8+ Bf8 30. a3 Kf7 31. Bb5 a5 32. Kf2 h6 33. Bc6 Be7 34.
Qb7 g5 35. Bxd5+ Kg7 36. Bc4 gxf4 37. gxf4 Qf6 38. Ke2 Qh4 39. h3 Qh5+ 40. Kd2
Qh4 41. Qd5 1-0

[Event "37. Ciudad de Sevilla 2012"]
[Site "Sevilla ESP"]
[Date "2012.01.12"]
[Round "6.5"]
[White "Pogorelov, Ruslan"]
[Black "Saric, Ante"]
[Result "0-1"]
[WhiteElo "2415"]
[BlackElo "2528"]
[PlyCount "86"]
[EventDate "2012.01.07"]
[EventType "swiss"]
[EventRounds "9"]
[EventCountry "ESP"]
[Source "lmi"]
[SourceDate "2012.01.07"]

1. Nf3 c5 2. c4 Nf6 3. Nc3 Nc6 4. d4 cxd4 5. Nxd4 e6 6. a3 Bc5 7. Nb3 Be7 8. e4
O-O 9. Be2 b6 10. O-O Ba6 11. f4 d6 12. Be3 Rc8 13. Bd3 Nd7 14. Nb5 Nc5 15.
Nxc5 dxc5 16. e5 Bxb5 17. cxb5 Nd4 18. Rc1 Rc7 19. Qg4 g6 20. Kh1 Rd7 21. Be4
Qc7 22. a4 Rfd8 23. Rce1 c4 24. Bxd4 Rxd4 25. Qf3 Qc5 26. g4 Rd2 27. Re2 Rxe2
28. Qxe2 Qb4 29. f5 Rd2 30. Qf3 Qxb2 31. Qf4 g5 32. Qg3 Qd4 33. Bg2 Rd3 34. Qe1
exf5 35. gxf5 Re3 36. Qc1 Qxe5 37. Qxc4 Bd6 38. Qc8+ Kg7 39. f6+ Kh6 40. Kg1
Qxh2+ 41. Kf2 Qg3+ 42. Kg1 Bc5 43. Kh1 Qh4+ 0-1

[Event "37. Ciudad de Sevilla 2012"]
[Site "Sevilla ESP"]
[Date "2012.01.12"]
[Round "6.7"]
[White "Zozulia, Anna"]
[Black "Rizouk, Aimen"]
[Result "0-1"]
[WhiteElo "2357"]
[BlackElo "2539"]
[PlyCount "48"]
[EventDate "2012.01.07"]
[EventType "swiss"]
[EventRounds "9"]
[EventCountry "ESP"]
[Source "lmi"]
[SourceDate "2012.01.07"]

1. e4 e5 2. Nf3 Nc6 3. Bb5 a6 4. Ba4 Nf6 5. O-O Be7 6. Re1 b5 7. Bb3 O-O 8. h3
Bb7 9. d3 d5 10. exd5 Nxd5 11. Nbd2 f6 12. a3 Kh8 13. Ne4 Na5 14. Ba2 c5 15.
Bd2 Nc6 16. c3 Qd7 17. b4 cxb4 18. axb4 Rfd8 19. Bb1 a5 20. bxa5 Rxa5 21. Rxa5
Nxa5 22. Qc2 Nf4 23. d4 Nxh3+ 24. Kh2 Qf5 0-1

[Event "37. Ciudad de Sevilla 2012"]
[Site "Sevilla ESP"]
[Date "2012.01.12"]
[Round "6.8"]
[White "Malakhatko, Vadim"]
[Black "Gonzalez Galvan, Juan Manuel"]
[Result "1-0"]
[WhiteElo "2524"]
[BlackElo "2214"]
[PlyCount "51"]
[EventDate "2012.01.07"]
[EventType "swiss"]
[EventRounds "9"]
[EventCountry "ESP"]
[Source "lmi"]
[SourceDate "2012.01.07"]

1. c4 e5 2. Nc3 Nf6 3. e3 Nc6 4. a3 Be7 5. Qc2 O-O 6. Bd3 d6 7. b4 Be6 8. Bb2
h6 9. Nge2 Nd7 10. Nd5 f5 11. Nec3 e4 12. Be2 Nce5 13. Nb5 c6 14. Nd4 Bf7 15.
Nxe7+ Qxe7 16. Nxf5 Qf6 17. Ng3 d5 18. O-O Bg6 19. cxd5 Qh4 20. dxc6 bxc6 21.
Qc3 Rf6 22. Qd4 Rd8 23. d3 Re6 24. dxe4 Nb6 25. Qc3 Bf7 26. a4 1-0

[Event "37. Ciudad de Sevilla 2012"]
[Site "Sevilla ESP"]
[Date "2012.01.12"]
[Round "6.9"]
[White "Lasinskas, Povilas"]
[Black "Campora, Daniel H"]
[Result "0-1"]
[WhiteElo "2138"]
[BlackElo "2490"]
[PlyCount "68"]
[EventDate "2012.01.07"]
[EventType "swiss"]
[EventRounds "9"]
[EventCountry "ESP"]
[Source "lmi"]
[SourceDate "2012.01.07"]

1. d4 Nf6 2. c4 e6 3. Nf3 d5 4. Bg5 h6 5. Bh4 g5 6. Bg3 Ne4 7. e3 h5 8. h3 Nxg3
9. fxg3 Bd6 10. Kd2 Bxg3 11. Nc3 c6 12. Qc2 Nd7 13. Bd3 f5 14. cxd5 cxd5 15.
Bxf5 exf5 16. Qxf5 Qf6 17. Qxd5 Nb6 18. Qb3 Qe7 19. Rhf1 Bd7 20. a4 Rc8 21. Nd5
Nxd5 22. Qxd5 Qb4+ 23. Kd3 Qxb2 24. Nd2 Rc3+ 25. Ke2 Rc2 26. Rad1 Qa2 27. Qe4+
Kd8 28. Kd3 Re8 29. Qf3 Bxa4 30. Qf6+ Kc8 31. Qxg5 Rc3+ 32. Kxc3 Qc2+ 33. Kb4
Bd6+ 34. Ka5 Qc3+ 0-1

[Event "37. Ciudad de Sevilla 2012"]
[Site "Sevilla ESP"]
[Date "2012.01.12"]
[Round "6.10"]
[White "Das, Arghyadip"]
[Black "Muñoz Martin, Pablo"]
[Result "1-0"]
[WhiteElo "2459"]
[BlackElo "2243"]
[PlyCount "109"]
[EventDate "2012.01.07"]
[EventType "swiss"]
[EventRounds "9"]
[EventCountry "ESP"]
[Source "lmi"]
[SourceDate "2012.01.07"]

1. c4 Nf6 2. Nc3 g6 3. e4 d6 4. d4 Bg7 5. Be2 O-O 6. Bg5 c5 7. d5 h6 8. Bf4 b5
9. cxb5 a6 10. a4 Qa5 11. Qd2 Kh7 12. f3 Nbd7 13. Nh3 Nh5 14. Be3 Ne5 15. Nf2
g5 16. g3 Nf6 17. g4 Ng6 18. h4 gxh4 19. f4 Rh8 20. f5 Ne5 21. Rxh4 Kg8 22.
Bxh6 Ne8 23. Bxg7 Rxh4 24. Bxe5 f6 25. Bg3 Rh7 26. Kf1 Bd7 27. bxa6 Rb8 28. Kg2
Rb4 29. Bf4 Nc7 30. Nd3 Rb8 31. Nb5 Rxb5 32. Qxa5 Rxa5 33. b4 cxb4 34. Nxb4
Rxa4 35. Rxa4 Bxa4 36. a7 Kf7 37. Ba6 Rg7 38. Kg3 Bd1 39. g5 fxg5 40. Be3 Rg8
41. Bb7 Ba4 42. Na6 Nb5 43. a8=Q Rxa8 44. Bxa8 Nc3 45. Bxg5 Bc2 46. Nb4 Bxe4
47. Kf4 Bg2 48. Bc6 Ne4 49. Bd7 Nxg5 50. Kxg5 Be4 51. Be6+ Kf8 52. Nc6 Bc2 53.
Kh6 Bd3 54. Nxe7 Kxe7 55. Kg7 1-0

[Event "37. Ciudad de Sevilla 2012"]
[Site "Sevilla ESP"]
[Date "2012.01.12"]
[Round "6.12"]
[White "Roy Chowdhury, Saptarshi"]
[Black "Diaz Castro, Sergio"]
[Result "0-1"]
[WhiteElo "2414"]
[BlackElo "2211"]
[PlyCount "122"]
[EventDate "2012.01.07"]
[EventType "swiss"]
[EventRounds "9"]
[EventCountry "ESP"]
[Source "lmi"]
[SourceDate "2012.01.07"]

1. e4 c5 2. Nf3 d6 3. c3 Nf6 4. Be2 Bg4 5. O-O e6 6. h3 Bh5 7. d3 d5 8. exd5
Nxd5 9. d4 Nc6 10. a3 Rc8 11. dxc5 Bxc5 12. c4 Nb6 13. Nbd2 O-O 14. b4 Be7 15.
Bb2 a5 16. b5 Nb8 17. Bc3 Bxf3 18. Bxf3 Nxc4 19. Bxb7 Ne3 20. Qb3 Nxf1 21. Rxf1
Rc5 22. Ne4 Rf5 23. Ng3 Rg5 24. Bf3 Qb6 25. Ne4 Rxb5 26. Qc4 Nc6 27. a4 Rf5 28.
Be2 Rd8 29. Qa2 Nb4 30. Qa1 Bf8 31. Ng3 Rg5 32. Ne4 Rg6 33. Bh5 Rh6 34. Bf3 Nc2
35. Qc1 Nd4 36. Bxd4 Rxd4 37. Qc2 f5 38. Ng3 g5 39. Rb1 Qd6 40. Rb7 Rf6 41. Qb3
Rb4 42. Rxb4 Qxb4 43. Qc2 Bc5 44. Be2 Qe1+ 45. Bf1 Qe5 46. Ne2 g4 47. g3 gxh3
48. Nf4 h2+ 49. Kxh2 Rh6+ 50. Bh3 Qd4 51. Nd3 Qe4 52. Qd1 Bd6 53. f4 Qe3 54.
Kg2 Rg6 55. Qf3 Qxf3+ 56. Kxf3 Rg7 57. Bf1 Rc7 58. Be2 Rc3 59. Ke3 Bc5+ 60. Kd2
Bd4 61. Bd1 Kf7 0-1

[Event "37. Ciudad de Sevilla 2012"]
[Site "Sevilla ESP"]
[Date "2012.01.12"]
[Round "6.14"]
[White "Barrenechea Bahamonde, Gustavo"]
[Black "Svetushkin, Dmitry"]
[Result "0-1"]
[WhiteElo "2228"]
[BlackElo "2598"]
[PlyCount "48"]
[EventDate "2012.01.07"]
[EventType "swiss"]
[EventRounds "9"]
[EventCountry "ESP"]
[Source "lmi"]
[SourceDate "2012.01.07"]

1. e4 c6 2. Nc3 d5 3. Nf3 Bg4 4. h3 Bxf3 5. Qxf3 Nf6 6. d3 e6 7. Be2 Nbd7 8.
Qg3 Qb8 9. Bf4 e5 10. Bd2 dxe4 11. dxe4 Nc5 12. Bd3 Qc7 13. O-O Ne6 14. Be3 Nh5
15. Qh2 Bc5 16. Bxc5 Nxc5 17. Be2 Nf4 18. Bf3 O-O 19. Qg3 Rad8 20. Kh1 Qb6 21.
Rab1 Rd2 22. Bd1 Nce6 23. Qf3 Rfd8 24. Na4 Qa6 0-1

[Event "37. Ciudad de Sevilla 2012"]
[Site "Sevilla ESP"]
[Date "2012.01.12"]
[Round "6.15"]
[White "Burmakin, Vladimir"]
[Black "Aranaz Murillo, Amalia"]
[Result "1-0"]
[WhiteElo "2593"]
[BlackElo "2229"]
[PlyCount "99"]
[EventDate "2012.01.07"]
[EventType "swiss"]
[EventRounds "9"]
[EventCountry "ESP"]
[Source "lmi"]
[SourceDate "2012.01.07"]

1. d4 Nf6 2. Nf3 d5 3. c4 e6 4. Nc3 Be7 5. Bg5 h6 6. Bh4 O-O 7. e3 b6 8. cxd5
Nxd5 9. Bxe7 Qxe7 10. Nxd5 exd5 11. Rc1 Be6 12. Bd3 c5 13. b3 Nd7 14. O-O a5
15. Bb5 Rfc8 16. h3 g6 17. Qe2 Nf6 18. Ne5 cxd4 19. Rxc8+ Rxc8 20. Nc6 Qd6 21.
Nxd4 Ne4 22. Bd3 Bd7 23. Qb2 Qe5 24. b4 Ng5 25. Rc1 Rxc1+ 26. Qxc1 Ne6 27. Nf3
Qd6 28. bxa5 bxa5 29. Qc3 Nc5 30. Bc2 a4 31. Qa5 Kg7 32. Nd4 Ne4 33. Qd8 a3 34.
Qa5 Qc5 35. Qxc5 Nxc5 36. Kf1 Bc8 37. Bd1 Ne4 38. Ke1 Ba6 39. Bb3 Bc4 40. Bxc4
dxc4 41. Nb5 Nc5 42. Nxa3 Nd3+ 43. Kd2 Nb4 44. Kc3 Nxa2+ 45. Kxc4 Kf6 46. Nc2
Nc1 47. Nb4 g5 48. Kc3 h5 49. Kc2 Ne2 50. Kd2 1-0

[Event "37. Ciudad de Sevilla 2012"]
[Site "Sevilla ESP"]
[Date "2012.01.12"]
[Round "6.16"]
[White "Mellado Trivino, Juan"]
[Black "Romero Sanchez, Jesus"]
[Result "1-0"]
[WhiteElo "2435"]
[BlackElo "2172"]
[PlyCount "61"]
[EventDate "2012.01.07"]
[EventType "swiss"]
[EventRounds "9"]
[EventCountry "ESP"]
[Source "lmi"]
[SourceDate "2012.01.07"]

1. e4 e6 2. d4 d5 3. Bd3 dxe4 4. Bxe4 Nf6 5. Bf3 c5 6. Ne2 Nc6 7. Be3 cxd4 8.
Nxd4 Ne5 9. O-O Be7 10. Nc3 O-O 11. Qe2 a6 12. Rad1 Qc7 13. Rfe1 Ng6 14. Ne4
Nd5 15. Bg5 f6 16. Bc1 Ndf4 17. Bxf4 Nxf4 18. Qe3 e5 19. Ne2 Nxe2+ 20. Rxe2 Be6
21. Nc3 Rad8 22. Bd5 Bxd5 23. Nxd5 Qc5 24. Qb3 Kh8 25. Qxb7 Bd6 26. Qxa6 Ra8
27. Qd3 e4 28. Rxe4 Be5 29. b4 Qa7 30. a4 Rfd8 31. a5 1-0

[Event "37. Ciudad de Sevilla 2012"]
[Site "Sevilla ESP"]
[Date "2012.01.12"]
[Round "6.17"]
[White "Teran Alvarez, Ismael"]
[Black "Perez Garcia, Roberto"]
[Result "1-0"]
[WhiteElo "2422"]
[BlackElo "2185"]
[PlyCount "107"]
[EventDate "2012.01.07"]
[EventType "swiss"]
[EventRounds "9"]
[EventCountry "ESP"]
[Source "lmi"]
[SourceDate "2012.01.07"]

1. e4 e6 2. d4 d5 3. Nc3 Bb4 4. e5 c5 5. a3 Bxc3+ 6. bxc3 Ne7 7. h4 Qa5 8. Bd2
Qa4 9. Qb1 c4 10. h5 h6 11. f4 Nbc6 12. Nf3 Bd7 13. Qb2 O-O-O 14. Rb1 b6 15.
Be3 Rdg8 16. Kd2 g6 17. hxg6 fxg6 18. Be2 Nf5 19. Bf2 h5 20. Rh3 Rf8 21. Rbh1
Rhg8 22. Ng5 Nh6 23. Nh7 Rf5 24. Nf6 Rf8 25. g4 Nxg4 26. Bxg4 hxg4 27. Rh8 Rd8
28. Rxd8+ Nxd8 29. Rh7 Bc6 30. Be3 g3 31. Rg7 g5 32. Rxg5 Rxg5 33. fxg5 Be8 34.
Qb4 Qxb4 35. cxb4 Bg6 36. c3 Nf7 37. Ke2 Bd3+ 38. Kf3 g2 39. Kxg2 Kd8 40. Kg3
Ke7 41. Kh4 Bg6 42. Nh5 Nd8 43. Nf4 Kf7 44. b5 Nb7 45. a4 Nd8 46. Bc1 Bc2 47.
Kg4 Kg7 48. g6 Bxa4 49. Kg5 Nf7+ 50. gxf7 Kxf7 51. Ba3 Bxb5 52. Kh6 a6 53. Nh3
Bd7 54. Ng5+ 1-0

[Event "37. Ciudad de Sevilla 2012"]
[Site "Sevilla ESP"]
[Date "2012.01.12"]
[Round "6.18"]
[White "Estremera Panos, Sergio"]
[Black "Blanco Perez, David"]
[Result "1-0"]
[WhiteElo "2379"]
[BlackElo "2126"]
[PlyCount "49"]
[EventDate "2012.01.07"]
[EventType "swiss"]
[EventRounds "9"]
[EventCountry "ESP"]
[Source "lmi"]
[SourceDate "2012.01.07"]

1. d4 Nc6 2. d5 Ne5 3. e4 e6 4. dxe6 fxe6 5. Nc3 Nf6 6. f4 Nf7 7. e5 Ng8 8. Nf3
Bc5 9. Bd3 Ngh6 10. Qe2 Qe7 11. Bd2 d5 12. exd6 cxd6 13. O-O-O Bd7 14. Rhe1 O-O
15. Ne4 Nd8 16. Nxc5 dxc5 17. Ng5 Nf5 18. Nxh7 Rf7 19. Ng5 c4 20. Bxf5 Rxf5 21.
Qh5 Nf7 22. Qh7+ Kf8 23. Qxf5 exf5 24. Rxe7 Kxe7 25. Bb4+ 1-0

[Event "37. Ciudad de Sevilla 2012"]
[Site "Sevilla ESP"]
[Date "2012.01.12"]
[Round "6.21"]
[White "Torres Ventosa, Pedro Eugenio"]
[Black "Gutierrez Valero, Mario"]
[Result "1-0"]
[WhiteElo "2324"]
[BlackElo "2074"]
[PlyCount "85"]
[EventDate "2012.01.07"]
[EventType "swiss"]
[EventRounds "9"]
[EventCountry "ESP"]
[Source "lmi"]
[SourceDate "2012.01.07"]

1. e4 c5 2. Nf3 Nc6 3. c3 d5 4. exd5 Qxd5 5. d4 Bg4 6. Be2 cxd4 7. cxd4 e6 8.
h3 Bh5 9. Nc3 Bb4 10. O-O Qa5 11. a3 Bxc3 12. bxc3 Nge7 13. Rb1 Qc7 14. Rb5 Nd5
15. Qb3 b6 16. Rxd5 exd5 17. Qxd5 Bxf3 18. Bxf3 Rc8 19. Re1+ Kf8 20. a4 h6 21.
Ba3+ Kg8 22. Bd6 Qd8 23. Bg4 Rc7 24. c4 g6 25. Bxc7 Qxc7 26. Bf3 Ne7 27. Qb5
Nf5 28. Rd1 Kg7 29. c5 Rd8 30. cxb6 axb6 31. d5 Qd6 32. Be4 Qf4 33. Bxf5 Qxf5
34. Qxb6 Rxd5 35. Rxd5 Qxd5 36. a5 Qd2 37. a6 Qc1+ 38. Kh2 Qf4+ 39. g3 Qf3 40.
a7 h5 41. Qe3 Qd5 42. Qc3+ Kh7 43. Qc8 1-0

[Event "37. Ciudad de Sevilla 2012"]
[Site "Sevilla ESP"]
[Date "2012.01.13"]
[Round "7.1"]
[White "Saric, Ante"]
[Black "Teske, Henrik"]
[Result "1/2-1/2"]
[WhiteElo "2528"]
[BlackElo "2550"]
[PlyCount "60"]
[EventDate "2012.01.07"]
[EventType "swiss"]
[EventRounds "9"]
[EventCountry "ESP"]
[Source "lmi"]
[SourceDate "2012.01.07"]

1. d4 Nf6 2. c4 e6 3. Nf3 d5 4. Nc3 c5 5. cxd5 Nxd5 6. e4 Nxc3 7. bxc3 cxd4 8.
cxd4 Bb4+ 9. Bd2 Bxd2+ 10. Qxd2 O-O 11. Bc4 b6 12. d5 Ba6 13. Bxa6 Nxa6 14. d6
e5 15. Nxe5 Qf6 16. f4 Nc5 17. O-O Rad8 18. Rad1 Nxe4 19. Qd4 Nc5 20. Nc6 Qxd4+
21. Rxd4 Rd7 22. Re1 f6 23. Re7 Rf7 24. Re8+ Rf8 25. Re7 Rf7 26. Re3 Nb7 27.
Re8+ Rf8 28. Re7 Rf7 29. Re8+ Rf8 30. Re7 Rf7 1/2-1/2

[Event "37. Ciudad de Sevilla 2012"]
[Site "Sevilla ESP"]
[Date "2012.01.13"]
[Round "7.2"]
[White "Van Der Weide, Karel"]
[Black "Haslinger, Stewart G"]
[Result "1/2-1/2"]
[WhiteElo "2445"]
[BlackElo "2534"]
[PlyCount "48"]
[EventDate "2012.01.07"]
[EventType "swiss"]
[EventRounds "9"]
[EventCountry "ESP"]
[Source "lmi"]
[SourceDate "2012.01.07"]

1. e4 e5 2. Nf3 Nc6 3. d4 exd4 4. Nxd4 Nf6 5. Nxc6 bxc6 6. e5 Qe7 7. Qe2 Nd5 8.
c4 Nb6 9. Nc3 Qe6 10. Qe4 d5 11. exd6 Qxe4+ 12. Nxe4 cxd6 13. Be3 Bf5 14. Nc3
Be6 15. b3 d5 16. cxd5 Nxd5 17. Nxd5 Bxd5 18. f3 a5 19. Kf2 Be7 20. Bc4 a4 21.
Bxd5 cxd5 22. Rhd1 axb3 23. axb3 Rxa1 24. Rxa1 Kd7 1/2-1/2

[Event "37. Ciudad de Sevilla 2012"]
[Site "Sevilla ESP"]
[Date "2012.01.13"]
[Round "7.3"]
[White "Rizouk, Aimen"]
[Black "Herraiz Hidalgo, Herminio"]
[Result "1/2-1/2"]
[WhiteElo "2539"]
[BlackElo "2469"]
[PlyCount "36"]
[EventDate "2012.01.07"]
[EventType "swiss"]
[EventRounds "9"]
[EventCountry "ESP"]
[Source "lmi"]
[SourceDate "2012.01.07"]

1. e4 e6 2. d4 d5 3. Nd2 c5 4. Ngf3 Nc6 5. exd5 exd5 6. Bb5 Bd6 7. dxc5 Bxc5 8.
Nb3 Bd6 9. O-O Nge7 10. Re1 O-O 11. Bd3 h6 12. h3 Nf5 13. c3 Qf6 14. Bc2 Rd8
15. Qd3 g6 16. Nbd4 Nfxd4 17. Nxd4 Nxd4 18. Qxd4 Qxd4 1/2-1/2

[Event "37. Ciudad de Sevilla 2012"]
[Site "Sevilla ESP"]
[Date "2012.01.13"]
[Round "7.4"]
[White "Sengupta, Deep"]
[Black "Das, Arghyadip"]
[Result "1/2-1/2"]
[WhiteElo "2562"]
[BlackElo "2459"]
[PlyCount "41"]
[EventDate "2012.01.07"]
[EventType "swiss"]
[EventRounds "9"]
[EventCountry "ESP"]
[Source "lmi"]
[SourceDate "2012.01.07"]

1. d4 d5 2. c4 c6 3. Nf3 Nf6 4. cxd5 cxd5 5. Nc3 Nc6 6. Bf4 Bf5 7. e3 e6 8. a3
a6 9. Bd3 Bxd3 10. Qxd3 Bd6 11. Bxd6 Qxd6 12. O-O O-O 13. Rac1 Rac8 14. Rc2 Rc7
15. Rfc1 Rfc8 16. Ne2 Ne7 17. h3 h6 18. Rxc7 Rxc7 19. Rxc7 Qxc7 20. Qc3 Qxc3
21. Nxc3 1/2-1/2

[Event "37. Ciudad de Sevilla 2012"]
[Site "Sevilla ESP"]
[Date "2012.01.13"]
[Round "7.5"]
[White "Campora, Daniel H"]
[Black "Malakhatko, Vadim"]
[Result "1-0"]
[WhiteElo "2490"]
[BlackElo "2524"]
[PlyCount "123"]
[EventDate "2012.01.07"]
[EventType "swiss"]
[EventRounds "9"]
[EventCountry "ESP"]
[Source "lmi"]
[SourceDate "2012.01.07"]

1. e4 c5 2. Nf3 e6 3. d4 cxd4 4. Nxd4 Nc6 5. Nb5 d6 6. c4 Nf6 7. Bd3 Be7 8. O-O
Ne5 9. f4 Nxd3 10. Qxd3 O-O 11. Kh1 a6 12. N5c3 b6 13. Be3 Bb7 14. Nd2 Rb8 15.
a4 Qc7 16. Bg1 Ba8 17. Rae1 Nd7 18. Bd4 Bh4 19. Re2 Rbe8 20. Nf3 Be7 21. Rfe1
Nc5 22. Qc2 Rc8 23. Nd2 Rfd8 24. Rf1 Nd7 25. Qd3 Bf6 26. Bxf6 Nxf6 27. f5 d5
28. cxd5 exd5 29. e5 Ne4 30. f6 Qxe5 31. fxg7 Qxg7 32. Qxa6 Nxd2 33. Rxd2 d4
34. Qd3 Rc6 35. Ne4 Rg6 36. Kg1 Kh8 37. Ng3 h5 38. Rf5 Re8 39. Qxd4 Qxd4+ 40.
Rxd4 Bc6 41. Rxh5+ Kg8 42. Rhh4 Re1+ 43. Kf2 Re8 44. Rhg4 Ree6 45. Rxg6+ fxg6
46. Rb4 Rf6+ 47. Kg1 Bd5 48. Ne2 Kg7 49. Nf4 Bf7 50. h4 Rd6 51. Kf2 Be8 52. Ke3
Kf7 53. g4 Kg7 54. g5 Bf7 55. b3 Bg8 56. Ke4 Bf7 57. Nd3 Bg8 58. Ne5 Bd5+ 59.
Ke3 Bg8 60. Nc4 Bxc4 61. Rxc4 Kf7 62. Rf4+ 1-0

[Event "37. Ciudad de Sevilla 2012"]
[Site "Sevilla ESP"]
[Date "2012.01.13"]
[Round "7.6"]
[White "Diaz Castro, Sergio"]
[Black "Mirzoev, Azer"]
[Result "0-1"]
[WhiteElo "2211"]
[BlackElo "2523"]
[PlyCount "77"]
[EventDate "2012.01.07"]
[EventType "swiss"]
[EventRounds "9"]
[EventCountry "ESP"]
[Source "lmi"]
[SourceDate "2012.01.07"]

1. d4 d5 2. c4 c6 3. Nc3 Nf6 4. cxd5 cxd5 5. Nf3 Nc6 6. Bf4 Nh5 7. Bd2 e6 8. e3
Bd6 9. g4 Nf6 10. Bd3 Nb4 11. Bb1 a6 12. Qe2 h6 13. Rg1 Bd7 14. a3 Nc6 15. Bd3
Na5 16. Ne5 Nb3 17. Rd1 Bxe5 18. dxe5 Ng8 19. f4 Ne7 20. Bc2 Qb6 21. Rg3 Bc6
22. Bxb3 Qxb3 23. e4 Qc4 24. Rd3 O-O 25. exd5 Nxd5 26. Nxd5 Bxd5 27. Rc1 Qb5
28. Rg3 Qxb2 29. g5 Rfc8 30. Rd1 g6 31. gxh6 Qc2 32. h7+ Kxh7 33. Qg4 Qe4+ 34.
Be3 Kg7 35. f5 Qxg4 36. f6+ Kg8 37. Rxg4 Rc3 38. Kd2 Rxa3 39. h4 0-1